| 000 | 00825nam a2200217Ii 4500 | ||
|---|---|---|---|
| 003 | JO-AjNU | ||
| 008 | 230605s9999||||xx |||||||||||||| ||und|| | ||
| 017 | _a1993/5/535 | ||
| 040 |
_aJO-AjNU _bara _erda _cJO-AjNU |
||
| 041 | _aara | ||
| 050 | 1 | 4 | _aBP173.6.K4264 1993 |
| 100 | 3 |
_aالخياط، عبد العزيز , _eauthor _941167 |
|
| 245 | 0 | 0 | _aوأمرهم شورى |
| 264 | 3 | 1 | _aعمان: المجمع الملكي لبحوث الحضارة الاسلامية، 1993 |
| 300 | _a95ص | ||
| 336 |
_atext _btxt _2rdacontent |
||
| 337 |
_aunmediated _bn _2rdamedia |
||
| 338 |
_avolume _bnc _2rdacarrier |
||
| 490 | 0 | _aمنشورات المجمع الملكي لبحوث الحضارة | |
| 650 | 4 |
_aالشورى- الاسلام والاصلاح السياسي- النظام السياسي في الاسلام _941168 |
|
| 999 |
_aA17530 _c21098 _d21098 |
||